000 00348 a2200157 4500
001 153126
040 _cEscola São Tomás de Aquino
100 _aHARRAR, George
240 1 0 _aDizem que sou louco
_lpor
245 1 0 _aDizem que sou louco
300 _a197
362 0 _a2009
440 1 _aÁtica
697 _a*LITERATURA JUVENIL
942 _cBK
999 _c153126
_d153126